Prírodovedná gramotnosť v slovenských školách z pohľadu štátnej školskej inšpekcie

Podrobná bibliografia
Hlavní autori: Kubovičová, Mária (Autor), Laššová, Elena (Autor)
Médium: Článok
Jazyk:slovenčina
Fyzický popis:Fotografie, tabuľky
ISSN:1335-0404
Predmet:
On-line prístup:www.mpc-edu.sk/casopis/pedagogicke-rozhlady

MARC

LEADER 00000nab a2200000 4500
001 vtls011896730
003 SK-MaSNL
005 20260304233439.0
008 191029|2017 xo |||| ||a ||00 0|slo
015 |a SNBRB2019/10 
040 |a SPKCL  |b slo  |e rda 
041 |a slo  |b slo  |b eng 
044 |a xo  |c SK 
072 7 |a 502  |x Životné prostredie a jeho ochrana  |2 konspekt 
072 7 |a 37.014  |x Vzdelávacia a výchovná politika  |2 konspekt 
080 |a 37.014.611  |2 2011 
080 |a 37.014.22  |2 2011 
080 |a 502/504  |2 2011 
100 1 |a Kubovičová, Mária  |4 aut 
245 1 0 |a Prírodovedná gramotnosť v slovenských školách z pohľadu štátnej školskej inšpekcie  |c Mária Kubovičová, Elena Laššová 
300 |b Fotografie, tabuľky 
336 |a text  |b txt  |2 rdacontent 
337 |a bez média  |b n  |2 rdamedia 
338 |a zväzok  |b nc  |2 rdacarrier 
546 |a Anglické a slovenské resumé 
650 0 7 |a prírodovedná gramotnosť  |2 SNKPH  |9 120700 
650 0 7 |a školská inšpekcia  |2 SNKPH  |9 70272 
650 0 7 |a Základná škola  |2 SNKPH  |9 771302 
650 0 7 |a stredná škola  |2 SNKPH  |9 642005 
651 7 |a štátna školská inšpekcia (Bratislava, Slovensko)  |2 SNKPH  |9 1569141 
700 1 |a Laššová, Elena  |4 aut  |9 1047385 
773 0 |t Pedagogické rozhľady (online)  |g Roč. 23, č. 4 (2014), s. 9-11  |x 1335-0404 
856 4 1 |u www.mpc-edu.sk/casopis/pedagogicke-rozhlady 
999 |c 3198643  |d 3200573